Central Library OPAC University of Rajshahi

Mathematics with applications : (Record no. 54798)

MARC details
000 -LEADER
fixed length control field 00772nam a2200253 a 4500
001 - CONTROL NUMBER
control field 54798
003 - CONTROL NUMBER IDENTIFIER
rucl marc code BD-RjUL
005 - DATE AND TIME OF LATEST TRANSACTION
control field 20211209080154.0
008 - FIXED-LENGTH DATA ELEMENTS--GENERAL INFORMATION
fixed length control field 161110s1999 nyua 001 0 eng
020 ## - INTERNATIONAL STANDARD BOOK NUMBER
International Standard Book Number 0321022947
035 ## - SYSTEM CONTROL NUMBER
System control number (BD-RjUL)54920
040 ## - CATALOGING SOURCE
Original cataloging agency DLC
Transcribing agency DLC
Modifying agency BD-RjUL
Language of cataloging eng
041 ## - LANGUAGE CODE
Language code of text/sound track or separate title eng
082 00 - DEWEY DECIMAL CLASSIFICATION NUMBER
Classification number 510
Edition number 23
Author mark and year LIM 1999
100 1# - MAIN ENTRY--PERSONAL NAME
Personal name Lial, Margaret L.
9 (RLIN) 151558
245 10 - TITLE STATEMENT
Title Mathematics with applications :
Remainder of title in the management, natural, and social sciences /
Statement of responsibility, etc. Margaret L Lial, Thomas W Hungerford
250 ## - EDITION STATEMENT
Edition statement 7th ed.
260 ## - PUBLICATION, DISTRIBUTION, ETC. (IMPRINT)
Place of publication, distribution, etc. New York :
Name of publisher, distributor, etc. Addison-Wesley,
Date of publication, distribution, etc. c1999.
300 ## - PHYSICAL DESCRIPTION
Pagination Various Pagins :
Illustrations ill. ;
Size 26 cm.
500 ## - GENERAL NOTE
General note Includes indexes.
650 #0 - SUBJECT ADDED ENTRY--TOPICAL TERM
Topical term or geographic name as entry element Mathematics.
9 (RLIN) 163348
700 1# - ADDED ENTRY--PERSONAL NAME
Personal name Hungerford, Thomas W.
942 ## - ADDED ENTRY ELEMENTS (KOHA)
Source of classification or shelving scheme Dewey Decimal Classification
Koha item type Books
Holdings
Lost status Source of classification or shelving scheme Damaged status Not for loan Collection code Permanent Location Current Location Shelving location Date acquired Source of acquisition Cost, normal purchase price Total Checkouts Full call number Date last seen Copy number Koha item type
  Dewey Decimal Classification     Non-fiction Central Library, University of Rajshahi Central Library, University of Rajshahi   10/02/2008 Dhaka,Paragon Enterprise Lit., 136.00   510 LIM 1999 10/11/2016 C-2 Books